Normal view
MARC view
- Altaf, Ayesha
Entry Personal Name
001 - CONTROL NUMBER
- control field: 124449
003 - CONTROL NUMBER IDENTIFIER
- control field: NUST
005 - DATE AND TIME OF LATEST TRANSACTION
- control field: 20240711150158.0
008 - FIXED-LENGTH DATA ELEMENTS
- fixed length control field: 240711|| aca||aabn | a|a d
040 ## - CATALOGING SOURCE
- Original cataloging agency: NUST
- Transcribing agency: NUST
100 ## - HEADING--PERSONAL NAME
- Personal name: Altaf, Ayesha
670 ## - SOURCE DATA FOUND
- Source citation: Work cat.: (NUST): Altaf, Ayesha, Designing A Trust Management System for Malicious Node Detection and Prevention in Internet of Things/
